| 000 | 00638nam a22001937a 4500 | ||
|---|---|---|---|
| 005 | 20170628111226.0 | ||
| 010 | _aENG-118970 | ||
| 020 |
_a9788180642449 _c300.00 |
||
| 035 | _aEN-102502 | ||
| 037 | _bDBAD/PUB | ||
| 082 | _a331.8836095414 | ||
| 100 | _aKayal, Anuradha | ||
| 245 |
_aOrganization and movement of white collar employees of west bengal in the post-colonial period 1947-77 / _cby Anuradha Kayal |
||
| 260 |
_aKolkata _bProgressive Publishers _c2017 |
||
| 270 | _a37A, Colege Street Kolkata-700073 | ||
| 300 |
_a348p _c22cm.(Hb) |
||
| 500 | _aIncludes index | ||
| 942 |
_2ddc _cEN _h331.8836095414 _mKAY |
||
| 999 |
_c142063 _d142063 |
||